Význam divízie maloobchodu na Slovensku

Na minha lista:
Detalhes bibliográficos
Autor principal: Závadský, Cyril, 1971-
Outros Autores: Megyesiová, Silvia, 1969-
Formato: Capítulo de Livro
Idioma:eslovaco
Tags: Adicionar Tag
Sem tags, seja o primeiro a adicionar uma tag!

MARC

LEADER 00000nla a2200000 4500
001 0214607
005 20240502073604.7
041 0 |a slo 
044 |a SK 
245 1 0 |a Význam divízie maloobchodu na Slovensku  |c Cyril Závadský, Silvia Megyesiová 
500 |a Abstrakt 
100 1 |a Závadský, Cyril, 1971- 
700 1 |a Megyesiová, Silvia, 1969-